The complete guide to photography (Record no. 594852)

MARC details
000 -LEADER
fixed length control field 00417nam a2200145Ia 4500
008 - FIXED-LENGTH DATA ELEMENTS--GENERAL INFORMATION
fixed length control field 100415s9999 xx 000 0 und d
082 ## - DEWEY DECIMAL CLASSIFICATION NUMBER
Item number 11933
Classification number 770.28
100 ## - MAIN ENTRY--PERSONAL NAME
Personal name Freeman Michael
245 ## - TITLE STATEMENT
Title The complete guide to photography
260 ## - PUBLICATION, DISTRIBUTION, ETC. (IMPRINT)
Place of publication, distribution, etc LONDON
Date of publication, distribution, etc 1989
Name of publisher, distributor, etc HEADLINE BOOK PUBL.
365 ## - TRADE PRICE
Price amount 728.85
630 ## - SUBJECT ADDED ENTRY--UNIFORM TITLE
Uniform title The complete guide to photography
730 ## - ADDED ENTRY--UNIFORM TITLE
Uniform title The complete guide to photography
942 ## - ADDED ENTRY ELEMENTS (KOHA)
Koha item type Book
Holdings
Withdrawn status Lost status Damaged status Not for loan Home library Current library Date acquired Cost, normal purchase price Total Checkouts Full call number Barcode Date last seen Price effective from Koha item type
        Bombay Natural History Society Bombay Natural History Society 06/24/1996 728.85   770.28 11933 BNHS-11933 04/15/2010 04/15/2010 Book